Subhas Chandra Bose: (Record no. 199305)

MARC details
000 -LEADER
fixed length control field 00704nam a22002057a 4500
005 - DATE AND TIME OF LATEST TRANSACTION
control field 20231129130519.0
010 ## - LCCN (DPL NO)
LC control number ENG-138518
020 ## - INTERNATIONAL STANDARD BOOK NUMBER
International Standard Book Number 9789354423796
Terms of availability 395.00
035 ## - SYSTEM CONTROL NUMBER
System control number EN-122050
037 ## - SOURCE OF ACQUISITION
Source of stock number/acquisition DBAD/PUB
082 ## - DEWEY DECIMAL CLASSIFICATION NUMBER
Classification number 954.035
245 ## - TITLE STATEMENT
Title Subhas Chandra Bose:
Remainder of title Letters To Emilie Schenkl 1934-1942/
Statement of responsibility, etc Edited By Sisir Kumar Bose and Sugata Bose
250 ## - EDITION STATEMENT
Edition statement First
260 ## - PUBLICATION, DISTRIBUTION, ETC. (IMPRINT)
Place of publication, distribution, etc Hyderabad
Name of publisher, distributor, etc Orient Blackswan Private Limited
Date of publication, distribution, etc 2023
270 ## - ADDRESS
Address 3-6-752, Himayatnagar
City Hyderabad
Postal code 500029
Electronic mail address info@orientblackswan.com
300 ## - PHYSICAL DESCRIPTION
Extent 230p.
Dimensions 22cm(pbk)
700 ## - ADDED ENTRY--PERSONAL NAME
Personal name Bose, Sisir Kumar
Relator term Editor
9 (RLIN) 59192
700 ## - ADDED ENTRY--PERSONAL NAME
Personal name Bose, Sugata
Relator term Editor
9 (RLIN) 59193
942 ## - ADDED ENTRY ELEMENTS (KOHA)
Source of classification or shelving scheme Dewey Decimal Classification
Item type English Books
Classification part 954.035
Call number suffix SUB
Holdings
Withdrawn status Lost status Not for loan Collection code Home library Current library Date acquired Source of acquisition Cost, normal purchase price Full call number Barcode Copy number Cost, replacement price Koha item type
      Non-fiction Vinoba Puri Vinoba Puri 29/11/2023 DBAD/PUB 350.00 954.035 SUB EN-122050 1 350.00 English Books

© Delhi Public Library
Hit Counter
free hit counter